01092cam a22002891 4500001001300000003000400013005001700017008004100034010001700075035001900092040004800111042001200159043001200171050002200183086001700205100004500222245020200267260002300469300003300492410004500525504003000570650004700600650004600647700005500693740003700748999001700785gs 55000241 DLC20260227111403.0811016s1955 dcuab bs f000 0 eng c ags 55000241  a(OCoLC)7853562 aU.S. Geol. Survey. Libr.cNmSoIdOCoLCdDLC apremarc an-us-nm00aQE75b.C5 no. 3600 aI 19.4/2:3601 aCallahan, J. T.q(Joseph Thomas),d1922-10aGeology and ground-water supplies of the Fort Wingate Indian School area, McKinley County, New Mexico,cby J.T. Callahan and R.L. Cushman. Prepared in cooperation with the Bureau of Indian Affairs. aWashington,c1955. a12 p.billus., maps.c27 cm.20aGeological Survey (U.S.).tCircularv360 a"Literature cited": p. 8. 0aWater-supplyzNew MexicozMcKinley County. 0aGroundwaterzNew MexicozMcKinley County.1 aCushman, R. L.q(Robert L.),d1917-ejoint author.0 aFort Wingate Indian School, N.M. c28973d28973